03457cam a22003975i 450000100090000000300040000900500170001300600190003000700150004900800410006401000170010502000180012202400350014003500320017504000270020707200230023407200160025707200160027307200150028908200190030410000300032324501000035325000180045326400590047130000870053049000570061750503590067452017160103365000290274965000420277870000280282077600930284877600360294177600360297783000460301321580415OSt20210302113310.0m |o d | cr |||||||||||130508s2013 xxk|||| o |||| 0|eng  a 2019736593 a97818488291907 a10.1007/978-1-84882-919-02doi a(DE-He213)978-1-84882-919-0 aDLCbengepnerdacDLC 7aCOM0120002bisacsh 7aUYQV2thema 7aUYT2bicssc 7aUYT2thema04a006.6223bBWP1 aBurger, Wilhelm.eauthor.10aPrinciples of Digital Image Processing :bAdvanced Methods /cby Wilhelm Burger, Mark J. Burge. a1st ed. 2013. 1aLondon :bSpringer London :bImprint: Springer,c2013. a1 online resource (XIII, 369 pages 131 illustrations, 112 illustrations in color.)1 aUndergraduate Topics in Computer Science,x1863-73100 aIntroduction -- Automatic Thresholding -- Filters for Color Images -- Edge Detection in Color Images -- Edge-Preserving Smoothing Filters -- Fourier Shape Descriptors -- SIFT-Scale-Invariant Local Features -- Mathematical Symbols and Notation -- Vector Algebra and Calculus -- Statistical Prerequisites -- Gaussian Filters -- Color Space Transformations. aThis easy-to-follow textbook is the third of three volumes which provide a modern, algorithmic introduction to digital image processing, designed to be used both by learners desiring a firm foundation on which to build, and practitioners in search of critical analysis and concrete implementations of the most important techniques. This volume builds upon the introductory material presented in the first two volumes (Fundamental Techniques and Core Algorithms) with additional key concepts and methods in image processing. Features and topics: Practical examples and carefully constructed chapter-ending exercises drawn from the authors' years of experience teaching this material Real implementations, concise mathematical notation, and precise algorithmic descriptions designed for programmers and practitioners Easily adaptable Java code and completely worked-out examples for easy inclusion in existing (and rapid prototyping of new) applications Uses ImageJ, the image processing system developed, maintained, and freely distributed by the U.S. National Institutes of Health (NIH) Provides a supplementary website with the complete Java source code, test images, and corrections-www.imagingbook.com Additional presentation tools for instructors including a complete set of figures, tables, and mathematical elements This thorough, reader-friendly text will equip undergraduates with a deeper understanding of the topic and will be invaluable for further developing knowledge via self-study. Wilhelm Burger, Ph.D., is the director of the Digital Media degree programs at the Upper Austria University of Applied Sciences at Hagenberg. Mark J. Burge, Ph.D., is a senior principal at MITRE in Washington, D.C. 0aOptical data processing.14aImage Processing and Computer Vision.1 aBurge, Mark J.eauthor.08iPrint version:tPrinciples of digital image processingz9781848829183w(DLC) 201393841508iPrinted edition:z978184882918308iPrinted edition:z9781848829206 0aUndergraduate Topics in Computer Science,